000 01001nam a2200337 a 4500
001 0336
003 DO-SdBNP
005 20180209082203.0
007 0336
008 081127s1984 sp a 000 0 spa d
020 _a8401905443
040 _aBPMSU
_bspa
_cBPMSU
092 _a863.3
_bV648l
245 0 3 _aEl lazarillo de Tormes /
_banónimo ; edición de Florencio Sevilla Arroyo
250 _a
260 _aMadrid :
_bPlaza Janés,
_c1984
300 _a245 p.:
_bil.;
_c20 cm.
490 1 _aClásicos Plazas y Janés
_aBiblioteca crítica de autores españoles
500 _a
505 0 _t
650 4 _aNOVELA ESPAÑOLA
650 4 _aLITERATURA PICARESCA
650 4 _aLITERATURA ESPAÑOLA
700 _aSevilla Arroyo, Florencio
_e ed.
700 _a
_e
830 _l
_aClásicos Plazas y Janés
_pBiblioteca crítica de autores españoles
910 _a
942 _2ddc
_cBK
945 _aInventariado extranjero / 2018 VM
956 _bVMATEO
_c10
_l20160802
_hBPMSU
999 _c11070
_d11070